000 00768cab a2200241 4500
001 WB3426-10
008 090401t1998 xxu||||| |||| 00| 0 eng d
035 _a(Sirsi) u87298
041 _aeng
245 _aMod site
260 _c1998
350 _a0
490 _aFinancial Times
_v7 July 1998, 2691)
520 _aSlough Estates has won the right to negotiate exclusively with the MoD to buy a site next to Farnborough airfield. The property company was selected from seven final bidders and five hundred original contenders.
650 _aFARNBOROUGH
650 _aINDUSTRIAL DEVELOPMENT
650 _aM3 CORRIDOR
650 _aMOD ESTATE
650 _aSLOUGH ESTATES
690 _aPROPERTY-COMMERCIAL PROPERTY
942 _n0
948 _c09/07/1998
999 _c55054
_d55054